000
00193 a2200085 4500
020
_a
9789881296726
100
_a
Song, Sophia
245
_a
Urban Streetscape Design
260
_b
DMP Hong Kong
_c
2014
999
_c
13138
_d
13138